| 000 | 00515nam a2200217Ia 4500 | ||
|---|---|---|---|
| 003 | OSt | ||
| 005 | 20230428095607.0 | ||
| 008 | 210423s2012 xx 000 0 und d | ||
| 020 | _a9780747542575 | ||
| 040 | _cAL | ||
| 041 | _aeng | ||
| 082 |
_a808.8017 _223 _bALID |
||
| 100 |
_aALIGHIERI (Dante) _994548 |
||
| 245 | _aDivine comedy | ||
| 260 |
_bPenguin Books Ltd _c2012 |
||
| 300 |
_a677 _bPB |
||
| 365 |
_b699 _cINR |
||
| 650 |
_aLiterary Theory _994549 |
||
| 906 | _acomedy ; Divine | ||
| 942 |
_2ddc _cBK |
||
| 999 |
_c161249 _d161249 |
||